000 00776nam a22001937a 4500
999 _c22223
_d22223
003 AR-CdUCM
008 190425b ||||| |||| 00| 0 spa d
040 _aMUNICIPALIDAD PROVINCIAL DEL CUSCO
_cBIBLIOTECA MUNICIPAL DEL CUSCO
082 _aRimariy/N°1/2006
245 _aRimariy :
_brevista de la Red Juvenil de la Nor Occidental Cusco /
260 _aCusco.
_bRimariy,
_c2006.
300 _a26 páginas. :
_bilustraciones ;
_c29 cm.
440 _aRimariy.
_nAño 1, N°1, julio 2006.
_947676
505 _aContenido: Noticias de la Red. -- La basura de la Nor Occidental situación. actual y riesgos. -- Barrios saludables. -- Oportunidades para jóvenes.
650 _aSociedad cusqueña
_947493
650 _aBarrios populares
_947677
942 _2ddc
_cPP
945 _arac